[Event "24th ch-EUR Indiv 2024"]
[Site "Petrovac MNE"]
[Date "2024.11.09"]
[Round "2.85"]
[White "Van Foreest, Jorden"]
[Black "Yalcinkaya, Efe"]
[Result "1-0"]
[WhiteTitle "GM"]
[WhiteElo "2687"]
[BlackElo "2117"]
[WhiteFideId "1039784"]
[BlackFideId "44506619"]
[EventDate "2024.11.08"]

1. c4 c5 2. Nf3 Nc6 3. Nc3 e5 4. g3 g6 5. Bg2 Bg7 6. d3 Nge7 7. Rb1 O-O 8. h4 h5
9. a3 a5 10. O-O d6 11. Bd2 Bg4 12. Ng5 f6 13. Nge4 Nd4 14. b4 axb4 15. axb4 b6
16. Be3 Nec6 17. b5 Nb4 18. Nd2 Ra3 19. Nb3 Re8 20. Bc1 Na2 21. Bd5+ Kh7 22.
Nxa2 Rxa2 23. Nxd4 exd4 24. f3 Bh3 25. Rf2 Qe7 26. e4 Rxf2 27. Kxf2 Be6 28. Bc6
Bd7 29. f4 Bxc6 30. bxc6 Qc7 31. f5 Qxc6 32. Qf3 gxf5 33. Qxh5+ Kg8 34. Rxb6
Qxb6 35. Qxe8+ Kh7 36. exf5 Qb1 37. Bh6 Qc2+ 38. Kg1 Qd1+ 39. Kg2 Qg4 40. Bxg7
Kxg7 41. Qg6+ Qxg6 42. fxg6 Kxg6 43. g4 f5 44. Kf3 Kf6 45. g5+ Ke5 46. h5 Ke6
47. h6 Kf7 48. h7 Kg7 49. g6 1-0

[Event "24th ch-EUR Indiv 2024"]
[Site "Petrovac MNE"]
[Date "2024.11.09"]
[Round "2.86"]
[White "Lavrencic, Matic"]
[Black "Martirosyan, Haik M."]
[Result "1-0"]
[WhiteTitle "FM"]
[BlackTitle "GM"]
[WhiteElo "2366"]
[BlackElo "2676"]
[WhiteFideId "14637847"]
[BlackFideId "13306553"]
[EventDate "2024.11.08"]

1. e4 c5 2. Nf3 Nc6 3. Bb5 e6 4. O-O Nge7 5. Re1 b6 6. d4 cxd4 7. Nxd4 Nxd4 8.
Qxd4 a6 9. Bf1 Nc6 10. Qd1 Qc7 11. Be3 Bb7 12. c4 Bc5 13. Nc3 O-O 14. Na4 d6 15.
Rc1 Rad8 16. a3 Rd7 17. Qd2 e5 18. Nc3 Bxe3 19. Qxe3 Nd4 20. Ne2 Ne6 21. Nc3 Qd8
22. g3 f5 23. exf5 Nd4 24. Bg2 Nxf5 25. Qd3 Bxg2 26. Kxg2 Rdf7 27. Rf1 g5 28.
Qd5 Qf6 29. Ne4 Qg6 30. Rcd1 Rd8 31. Rfe1 Kg7 32. b4 Qh5 33. c5 bxc5 34. bxc5
Qg4 35. Nxd6 Rf6 36. Qb7+ Kg6 37. Qe4 Qxe4+ 38. Nxe4 Rff8 39. Nd6 Nxd6 40. Rxd6+
Rxd6 41. cxd6 Rd8 42. Rd1 g4 43. f3 h5 44. h3 Kf5 45. fxg4+ hxg4 46. h4 Rd7 47.
Kf2 Ke6 48. Ke3 Rxd6 49. Rxd6+ Kxd6 50. Ke4 Ke6 51. h5 Kf6 52. h6 Kg6 53. Kxe5
Kxh6 54. Kf5 Kh5 55. a4 a5 56. Kf4 Kh6 57. Kxg4 Kg6 58. Kf4 Kf6 59. Ke4 1-0

[Event "24th ch-EUR Indiv 2024"]
[Site "Petrovac MNE"]
[Date "2024.11.09"]
[Round "2.87"]
[White "Vestby-Ellingsen, Mads"]
[Black "Sargsyan, Shant"]
[Result "1/2-1/2"]
[WhiteTitle "IM"]
[BlackTitle "GM"]
[WhiteElo "2368"]
[BlackElo "2655"]
[WhiteFideId "1520857"]
[BlackFideId "13306766"]
[EventDate "2024.11.08"]

1. d4 Nf6 2. c4 e6 3. Nf3 d5 4. Nc3 Bb4 5. e3 O-O 6. Bd3 dxc4 7. Bxc4 c5 8. O-O
Bd7 9. Qe2 Bc6 10. Rd1 cxd4 11. Nxd4 Qe7 12. Nxc6 Nxc6 13. Bd2 Rac8 14. a3 Ba5
15. Ba2 h5 16. Be1 g6 17. Rac1 Rfd8 18. Rxd8+ Rxd8 19. Rd1 Rc8 20. Qd3 h4 21. h3
Kg7 22. b4 Bc7 23. Qb1 Rh8 24. Ne4 a6 25. a4 Nxe4 26. Qxe4 Rh5 27. f4 Bd6 28.
Bc3+ Kh7 29. Rb1 e5 30. b5 exf4 31. Qxe7 Nxe7 32. bxa6 bxa6 33. exf4 Rf5 34. Bb4
Bxb4 35. Rxb4 Kg7 36. Rb7 Nc6 37. Rb6 Nd4 38. Rxa6 Rxf4 39. Ra7 Kh6 40. Rxf7
Ne2+ 41. Kh2 Rxa4 42. Bb1 Rb4 43. Bd3 Nf4 44. Rd7 Kg5 45. Rd6 Ra4 46. Bc2 Rc4
47. Bd3 Rb4 48. Bc2 Rc4 49. Bd3 Nxd3 50. Rxd3 1/2-1/2

[Event "24th ch-EUR Indiv 2024"]
[Site "Petrovac MNE"]
[Date "2024.11.09"]
[Round "2.88"]
[White "Yordanov, Lachezar"]
[Black "Bacrot, Etienne"]
[Result "1/2-1/2"]
[WhiteTitle "FM"]
[BlackTitle "GM"]
[WhiteElo "2332"]
[BlackElo "2653"]
[WhiteFideId "2918927"]
[BlackFideId "605506"]
[EventDate "2024.11.08"]

1. c4 e5 2. g3 Nf6 3. Bg2 h6 4. Nf3 Nc6 5. O-O d6 6. d4 g5 7. d5 Ne7 8. Nc3 Bg7
9. e4 Nh7 10. Ne1 O-O 11. f4 exf4 12. gxf4 f5 13. fxg5 hxg5 14. Qh5 g4 15. Bh6
Rf6 16. Bd2 fxe4 17. Nc2 Bf5 18. Nxe4 Rf7 19. Ne3 Qd7 20. Nxg4 Raf8 21. Nh6+
Bxh6 22. Bxh6 Bg6 23. Qe2 Rxf1+ 24. Rxf1 Rxf1+ 25. Qxf1 Qg4 26. h3 Qh4 27. Qf4
Qe1+ 28. Kh2 Nf5 29. Qg4 Kf7 30. Bd2 Qh4 31. c5 dxc5 32. Nxc5 Nf6 33. Qf4 Qxf4+
34. Bxf4 Ne7 35. Nxb7 Nexd5 36. Bg5 Ne4 37. Bh4 Nb4 38. a3 Nd3 39. b4 Ke6 40.
Na5 Kd5 41. Be7 Ne1 42. Bh1 a6 43. Nb3 Ke6 44. Bd8 Kd7 45. Bh4 Nd3 46. Bg2 Nc3
47. Bf1 Kc6 48. Bg3 Nb1 49. h4 Nxa3 50. h5 Bh7 51. Bxd3 Bxd3 52. Nc5 Bh7 53.
Nxa6 Nc2 54. Kh3 Kb5 55. Nxc7+ Kxb4 56. Bf2 Kc4 57. Kh4 Nb4 58. Kg5 Nd5 59. Ne6
Nc3 60. Bh4 Ne4+ 61. Kf4 Nc5 62. Nf8 Bc2 63. Ke5 Kb5 64. Be7 Nd3+ 65. Kf6 Nf2
66. Kg5 Nh3+ 67. Kf6 Nf2 68. Ke6 Bd1 69. h6 Bc2 70. Bg5 Ng4 71. h7 Bxh7 72. Nxh7
Nf2 73. Kd5 Nd3 74. Nf6 Nb4+ 75. Kd6 Kc4 1/2-1/2

[Event "24th ch-EUR Indiv 2024"]
[Site "Petrovac MNE"]
[Date "2024.11.09"]
[Round "2.89"]
[White "Predke, Alexandr"]
[Black "Kuru, Atilla"]
[Result "0-1"]
[WhiteTitle "GM"]
[BlackTitle "FM"]
[WhiteElo "2652"]
[BlackElo "2371"]
[WhiteFideId "24107581"]
[BlackFideId "51607948"]
[EventDate "2024.11.08"]

1. d4 d5 2. c4 c6 3. Nf3 Nf6 4. g3 g6 5. Nc3 Bg7 6. Qb3 O-O 7. Bg2 dxc4 8. Qxc4
Be6 9. Qa4 b5 10. Qc2 Na6 11. O-O Rc8 12. Rd1 Qb6 13. e4 Rfd8 14. Bf4 Nb4 15.
Qb1 a5 16. h3 a4 17. Be3 Qa5 18. Qc1 Na6 19. Ng5 Bd7 20. a3 h6 21. Nf3 Kh7 22.
g4 Ne8 23. Ne2 Nd6 24. Bd2 Qb6 25. Ng3 Be6 26. Bc3 Bb3 27. e5 Bxd1 28. Qxd1 Nc4
29. Qc2 c5 30. d5 Nc7 31. Nd2 Nxd5 32. Nxc4 bxc4 33. Bxd5 Rxd5 34. Nf5 Qe6 35.
Ne3 Rd4 36. Re1 Bxe5 37. Ng2 Qd6 38. Qxa4 Bf6 39. Qc2 Rd3 40. Bxf6 Qxf6 41. Ne3
e6 42. a4 Qf3 43. Nxc4 Qxh3 44. Ne5 Rd5 45. Re3 Qh4 46. Qe2 Rcd8 47. Kg2 Kg7 48.
Qf3 Qf6 49. Qg3 g5 50. Nd3 Qd4 51. a5 c4 52. Ne5 Rxa5 53. Nxf7 Qd5+ 54. Rf3 Rf8 0-1

[Event "24th ch-EUR Indiv 2024"]
[Site "Petrovac MNE"]
[Date "2024.11.09"]
[Round "2.90"]
[White "Ivanchuk, Vasyl"]
[Black "Kochavi, Ori"]
[Result "1/2-1/2"]
[WhiteTitle "GM"]
[BlackTitle "IM"]
[WhiteElo "2640"]
[BlackElo "2363"]
[WhiteFideId "14100010"]
[BlackFideId "2816873"]
[EventDate "2024.11.08"]

1. c4 e5 2. Nc3 Nf6 3. Nf3 Nc6 4. g3 Nd4 5. Bg2 Nxf3+ 6. Bxf3 Bc5 7. O-O O-O 8.
e3 Bb4 9. Qc2 d6 10. Bg2 c6 11. a3 Bxc3 12. Qxc3 Bf5 13. d3 Qd7 14. e4 Bh3 15.
f4 Bxg2 16. Kxg2 Rfe8 17. h3 Qc7 18. Be3 Nd7 19. b4 Nf8 20. a4 Qd7 21. Qb3 exf4
22. Rxf4 Ng6 23. Rf5 Qe6 24. Raf1 Re7 25. a5 a6 26. Qc3 Rc8 27. Qd2 Rd7 28. Bd4
d5 29. exd5 cxd5 30. c5 Re8 31. R1f2 f6 32. Qd1 Rf7 33. R5f3 Qd7 34. Qb3 1/2-1/2

[Event "24th ch-EUR Indiv 2024"]
[Site "Petrovac MNE"]
[Date "2024.11.09"]
[Round "2.91"]
[White "Santos Latasa, Jaime"]
[Black "Derakhshani, Borna"]
[Result "1-0"]
[WhiteTitle "GM"]
[BlackTitle "FM"]
[WhiteElo "2630"]
[BlackElo "2355"]
[WhiteFideId "2293307"]
[BlackFideId "12518450"]
[EventDate "2024.11.08"]

1. e4 e6 2. d4 d5 3. Nc3 Nf6 4. e5 Nfd7 5. f4 c5 6. Nf3 Nc6 7. Be3 cxd4 8. Nxd4
Qb6 9. Qd2 Qxb2 10. Rb1 Qa3 11. Bb5 Nxd4 12. Bxd4 a6 13. Bxd7+ Bxd7 14. Rb3 Qe7
15. Rxb7 Qd8 16. O-O Qc8 17. Rb3 Bc5 18. Ne2 O-O 19. Rf2 Bxd4 20. Nxd4 Rb8 21.
g4 f6 22. Qe3 fxe5 23. Qxe5 Rxb3 24. axb3 Qb8 25. Qe3 Qd6 26. Kg2 a5 27. h4 Re8
28. Re2 Qb8 29. g5 Qd6 30. h5 Qf8 31. Kg3 Qf7 32. Nf3 Bb5 33. Rh2 Rc8 34. h6 g6
35. Rd2 Kf8 36. Qb6 Bc6 37. Qxa5 Qf5 38. Qc5+ Ke8 39. Nd4 Qf7 40. Nxc6 Qd7 41.
Qd4 1-0

[Event "24th ch-EUR Indiv 2024"]
[Site "Petrovac MNE"]
[Date "2024.11.09"]
[Round "2.92"]
[White "Durarbayli, Vasif"]
[Black "Sherman, Raem"]
[Result "1-0"]
[WhiteTitle "GM"]
[BlackTitle "FM"]
[WhiteElo "2626"]
[BlackElo "2340"]
[WhiteFideId "13402935"]
[BlackFideId "2822288"]
[EventDate "2024.11.08"]

1. e4 e6 2. d4 d5 3. e5 c5 4. c3 Nc6 5. Nf3 Nge7 6. h4 cxd4 7. cxd4 Qb6 8. Bd3
Bd7 9. Kf1 Nb4 10. Be2 Bb5 11. Nc3 Bxe2+ 12. Nxe2 h5 13. Rh3 Nbc6 14. Ne1 Nf5
15. Rb3 Qa6 16. Nf3 Be7 17. g3 Kd7 18. Kg2 Rhc8 19. Bg5 Bf8 20. Bd2 Rc7 21. a4
b6 22. Rb5 Rac8 23. Qb3 Be7 24. a5 bxa5 25. Bxa5 Nxa5 26. Raxa5 Qc6 27. Qa4 Ke8
28. Nc3 Qd7 29. Nxd5 exd5 30. e6 Ne3+ 31. fxe3 Rc2+ 32. Kf1 Rc1+ 33. Ke2 Qc6 34.
Rxd5 Rc2+ 35. Kd3 Qxa4 36. exf7+ Kxf7 37. Rxa4 Rxb2 38. Rxa7 Rb3+ 39. Ke4 Rcc3
40. Ne5+ 1-0

[Event "24th ch-EUR Indiv 2024"]
[Site "Petrovac MNE"]
[Date "2024.11.09"]
[Round "2.93"]
[White "Tudor, Henry Edward"]
[Black "Hakobyan, Aram"]
[Result "0-1"]
[WhiteTitle "FM"]
[BlackTitle "GM"]
[WhiteElo "2365"]
[BlackElo "2623"]
[WhiteFideId "2409836"]
[BlackFideId "13306677"]
[EventDate "2024.11.08"]

1. d4 Nf6 2. c4 e6 3. Nf3 d5 4. g3 Bb4+ 5. Bd2 a5 6. Bg2 dxc4 7. Qc2 c5 8. Qxc4
b6 9. a3 Ba6 10. Qc2 Bxd2+ 11. Nfxd2 Nbd7 12. dxc5 Rc8 13. c6 Ne5 14. Nc3 Nxc6
15. Qa4 b5 16. Nxb5 O-O 17. Rc1 Nd5 18. Nc3 Nxc3 19. bxc3 Nd4 20. c4 Qb6 21. e3
Qb2 22. Qd1 Nc6 23. O-O Rfd8 24. Rc2 Qxa3 25. Qa1 Qc5 26. Qa4 Nb4 27. Rb2 h6 28.
Rfb1 Qc7 29. Nb3 Nd3 30. Rc2 Rb8 31. Ra1 Nb4 32. Rcc1 Nd3 33. Rc2 Bb7 34. Qxa5
Qe7 35. Bxb7 Qxb7 36. Nd4 Qe4 37. Qc3 Ne5 38. f4 Nxc4 39. Nxe6 Qxe6 40. Qxc4
Qxe3+ 41. Kh1 Qf3+ 42. Kg1 Qe3+ 43. Kh1 Rd3 44. Rf1 Rbd8 45. Rcf2 h5 46. f5 R8d4
47. Qc8+ Rd8 48. Qc4 Qg5 49. Qf4 Qf6 50. Qe4 R3d4 51. Qf3 h4 52. gxh4 Qxh4 53.
Rg2 Rd2 54. f6 g6 55. Re2 Kh7 56. Qb3 Rxe2 57. Qxf7+ Kh6 58. Qg7+ Kg5 59. Rg1+
Kf5 60. Qxg6+ Ke6 0-1

[Event "24th ch-EUR Indiv 2024"]
[Site "Petrovac MNE"]
[Date "2024.11.09"]
[Round "2.94"]
[White "Vocaturo, Daniele"]
[Black "Gombocz, Ferenc Jr."]
[Result "1-0"]
[WhiteTitle "GM"]
[BlackTitle "FM"]
[WhiteElo "2597"]
[BlackElo "2333"]
[WhiteFideId "813192"]
[BlackFideId "775029"]
[EventDate "2024.11.08"]

1. e4 e5 2. Nf3 Nc6 3. Bb5 a6 4. Ba4 Nf6 5. O-O Be7 6. Re1 b5 7. Bb3 d6 8. c3
O-O 9. h3 h6 10. d4 Re8 11. Nbd2 Bf8 12. Nf1 Bd7 13. Ng3 Na5 14. Bc2 c5 15. d5
Nc4 16. b3 Nb6 17. Be3 a5 18. a4 c4 19. axb5 Bxb5 20. Nd2 Nfd7 21. bxc4 Bxc4 22.
Ba4 Nxa4 23. Qxa4 Ba6 24. Reb1 g6 25. c4 Bc8 26. Rb5 h5 27. Rxa5 Rxa5 28. Qxa5
Qxa5 29. Rxa5 Be7 30. Ra8 h4 31. Ne2 f5 32. f3 f4 33. Bf2 Kf7 34. Ra7 g5 35. Nc3
Nb8 36. c5 dxc5 37. d6 Nc6 38. Rc7 1-0

[Event "24th ch-EUR Indiv 2024"]
[Site "Petrovac MNE"]
[Date "2024.11.09"]
[Round "2.95"]
[White "Tomczak, Jacek"]
[Black "Aydin, Gulenay"]
[Result "1-0"]
[WhiteTitle "GM"]
[BlackTitle "WIM"]
[WhiteElo "2593"]
[BlackElo "2271"]
[WhiteFideId "1124668"]
[BlackFideId "34557431"]
[EventDate "2024.11.08"]

1. d4 d5 2. c4 e6 3. Nc3 c6 4. e4 dxe4 5. Nxe4 Bb4+ 6. Bd2 Qxd4 7. Bxb4 Qxe4+ 8.
Be2 Na6 9. Ba5 b6 10. Qd6 Bd7 11. Bc3 f6 12. Nf3 Nc5 13. Nd2 Qxg2 14. Bh5+ g6
15. Bf3 Qg5 16. b4 Na4 17. Bxc6 Rd8 18. Ne4 Qh4 19. O-O-O Nxc3 20. Bxd7+ Kf7 21.
Nxc3 1-0

[Event "24th ch-EUR Indiv 2024"]
[Site "Petrovac MNE"]
[Date "2024.11.09"]
[Round "2.96"]
[White "Drazic, Sinisa"]
[Black "Lupulescu, Constantin"]
[Result "0-1"]
[WhiteTitle "GM"]
[BlackTitle "GM"]
[WhiteElo "2255"]
[BlackElo "2591"]
[WhiteFideId "901172"]
[BlackFideId "1207822"]
[EventDate "2024.11.08"]

1. e4 c5 2. Nf3 Nc6 3. Nc3 d6 4. d4 cxd4 5. Nxd4 Nf6 6. Bc4 e6 7. Be3 a6 8. Qe2
Bd7 9. a3 Qc7 10. Ba2 Be7 11. O-O-O O-O 12. g4 Nxd4 13. Rxd4 e5 14. Rc4 Qd8 15.
Rg1 d5 16. exd5 Bb5 17. Rd1 Bxc4 18. Bxc4 b5 19. Bb3 Ne8 20. Ne4 Nd6 21. Nxd6
Bxd6 22. Kb1 Qd7 23. h4 f5 24. gxf5 Qxf5 25. Rg1 Qf3 26. Qd3 Qh5 27. c4 bxc4 28.
Qxc4 Rfc8 29. Qa4 Qf7 30. Ka2 Kh8 31. h5 Qb7 32. h6 g6 33. Bg5 Rab8 34. Rg3 Rf8
35. Rc3 Rxf2 36. Rc6 Rf3 37. Rxd6 Rxb3 38. Rd8+ Rxd8 39. Qxb3 Qxb3+ 40. Kxb3
Rxd5 41. Bf6+ Kg8 42. Kc4 Rb5 43. b4 Kf7 44. Bg5 e4 45. Be3 Ke6 46. a4 Rd5 47.
b5 axb5+ 48. axb5 Rd3 49. Ba7 Kd7 0-1

[Event "24th ch-EUR Indiv 2024"]
[Site "Petrovac MNE"]
[Date "2024.11.09"]
[Round "2.97"]
[White "Dubnevych, Maksym"]
[Black "Fridman, Daniel"]
[Result "0-1"]
[WhiteTitle "FM"]
[BlackTitle "GM"]
[WhiteElo "2264"]
[BlackElo "2581"]
[WhiteFideId "14184001"]
[BlackFideId "11600454"]
[EventDate "2024.11.08"]

1. d4 e6 2. c4 b6 3. Nc3 Bb7 4. e4 Bb4 5. f3 f5 6. exf5 Nh6 7. Bxh6 Qh4+ 8. g3
Qxh6 9. Qd2 Qxd2+ 10. Kxd2 Nc6 11. Ne2 exf5 12. Bg2 Na5 13. b3 O-O-O 14. d5 b5
15. Nd4 bxc4 16. f4 Rhe8 17. Rhc1 g6 18. Rab1 cxb3 19. axb3 Ba6 20. Bf3 Nb7 21.
Nc2 Bxc3+ 22. Kxc3 Nd6 23. Ra1 Kb7 24. Ra5 Bb5 25. Kd2 Kb6 26. Rca1 a6 27. Nd4
Kc5 28. Nxb5 axb5 29. Ra7 Rc8 30. Rc1+ Kb6 31. Rca1 Ne4+ 32. Bxe4 Rxe4 33. Kd3
Kc5 34. R1a5 Rd4+ 35. Kc3 Rxd5 36. b4+ Kd6 37. Ra8 Rxa8 38. Rxa8 Ke7 39. Rh8 h5 0-1

[Event "24th ch-EUR Indiv 2024"]
[Site "Petrovac MNE"]
[Date "2024.11.09"]
[Round "2.98"]
[White "Moroni, Luca Jr"]
[Black "Zherebtsova, Alexandra"]
[Result "1-0"]
[WhiteTitle "GM"]
[BlackTitle "FM"]
[WhiteElo "2571"]
[BlackElo "2268"]
[WhiteFideId "865834"]
[BlackFideId "24129518"]
[EventDate "2024.11.08"]

1. c4 e5 2. Nc3 Nf6 3. e3 d5 4. cxd5 Nxd5 5. Nf3 Nxc3 6. bxc3 Bd6 7. d4 Nd7 8.
e4 O-O 9. Bd3 c5 10. d5 f5 11. Ng5 Nf6 12. O-O h6 13. Ne6 Bxe6 14. dxe6 fxe4 15.
Bc4 Qe7 16. a4 Kh8 17. Qe2 Bc7 18. Be3 Ba5 19. Qc2 Rab8 20. Rfb1 a6 21. h3 Rfd8
22. Qb3 Qc7 23. Rd1 Re8 24. Rab1 Qc6 25. Qa3 Rec8 26. Rd2 Qc7 27. g4 Qc6 28.
Rbd1 Qc7 29. g5 hxg5 30. Bxg5 e3 31. Bxe3 b5 32. axb5 axb5 33. Ba2 b4 34. Qa4
Ra8 35. Rd7 Nxd7 36. Rxd7 Qc6 37. Qxc6 Rxc6 38. Bd5 Rxe6 39. Bxa8 bxc3 40. Be4 1-0

[Event "24th ch-EUR Indiv 2024"]
[Site "Petrovac MNE"]
[Date "2024.11.09"]
[Round "2.99"]
[White "Bartel, Michal"]
[Black "Livaic, Leon"]
[Result "0-1"]
[WhiteTitle "FM"]
[BlackTitle "GM"]
[WhiteElo "2222"]
[BlackElo "2557"]
[WhiteFideId "1119257"]
[BlackFideId "14531534"]
[EventDate "2024.11.08"]

1. e4 c5 2. Nf3 d6 3. d4 cxd4 4. Nxd4 Nf6 5. Nc3 a6 6. g3 e5 7. Nf3 Be7 8. Nh4
O-O 9. Bg2 Bg4 10. Nf3 b5 11. O-O Nbd7 12. h3 Be6 13. Re1 Nb6 14. Ng5 Bd7 15. f4
Rc8 16. a3 a5 17. Qd3 Qc7 18. Nxb5 Qxc2 19. Qxc2 Rxc2 20. a4 Nxa4 21. Rxa4 Bxb5
22. Rxa5 Rb8 23. Ra7 Bd8 24. Be3 Be8 25. Ra2 Bd7 26. Rc1 Re2 27. Ba7 Rbxb2 28.
Rxb2 Rxb2 29. fxe5 dxe5 30. Nf3 Rb7 31. Bf2 Bc7 32. Nd2 Be6 33. Nc4 h5 34. Ne3
Bd6 35. Rc6 Rb1+ 36. Kh2 Bf8 37. Bf3 Rb2 38. Nd1 Rd2 39. Kg2 Nxe4 40. Bxe4 Rxd1
41. Rb6 Rd2 42. Rb8 g6 43. Kf3 Kg7 44. g4 hxg4+ 45. hxg4 Bxg4+ 46. Kxg4 Rxf2 47.
Bd5 f5+ 48. Kg3 Rd2 49. Rb7+ Kh6 50. Bf7 e4 51. Rb6 Bd6+ 52. Kh3 Rh2# 0-1

[Event "24th ch-EUR Indiv 2024"]
[Site "Petrovac MNE"]
[Date "2024.11.09"]
[Round "2.100"]
[White "Berin, Artem"]
[Black "Socko, Bartosz"]
[Result "0-1"]
[WhiteTitle "FM"]
[BlackTitle "GM"]
[WhiteElo "2224"]
[BlackElo "2554"]
[WhiteFideId "14189100"]
[BlackFideId "1107038"]
[EventDate "2024.11.08"]

1. d4 Nf6 2. c4 e6 3. Nc3 Bb4 4. e3 c5 5. Bd3 d5 6. cxd5 Nxd5 7. Ne2 cxd4 8.
exd4 Nc6 9. O-O O-O 10. a3 Be7 11. Nxd5 exd5 12. Be3 Bg4 13. Qc2 Bxe2 14. Qxe2
Bf6 15. Rfd1 g6 16. Bb5 Qb6 17. Bxc6 bxc6 18. Rac1 Rfe8 19. Qd2 Re6 20. g3 h5
21. h4 a5 22. Rc5 a4 23. Rdc1 Be7 24. R5c3 Ra6 25. R1c2 Qb7 26. Qc1 Rb6 27. Kh2
Kh7 28. Kg1 Bf8 29. Kh2 Qd7 30. Kg2 Qe8 31. Kh2 Bg7 32. Kg2 Rf6 33. Kg1 Rd6 34.
Bf4 Re6 35. Qd2 Re1+ 36. Kg2 Qe4+ 37. f3 Qe6 38. Re3 Rxe3 39. Qxe3 Qf5 40. Rd2
Rb3 41. Qe2 Qb1 42. Be3 Rb8 43. Bf4 Rb7 44. Bg5 Qf5 45. Qe8 Rb3 46. Qe2 Qd7 47.
Qa6 Qf5 48. Qe2 Bh8 49. Be7 Kg8 50. Bg5 Qe6 51. Qa6 Bf6 52. Bxf6 Qxf6 53. Qe2
Kf8 54. Rd3 Rxd3 55. Qxd3 c5 56. dxc5 Qxb2+ 57. Kh3 Qc1 58. g4 hxg4+ 59. fxg4
Qxc5 60. h5 d4 61. Qa6 Qxa3+ 62. Kg2 Qb2+ 63. Kh3 Qc3+ 64. Kg2 Qd2+ 65. Kh3 Qe3+
66. Kg2 Qe4+ 67. Kg3 Qe3+ 68. Kg2 gxh5 69. gxh5 Qg5+ 70. Kf2 Qf5+ 71. Kg2 Qe4+
72. Kf2 d3 73. Qd6+ Kg8 74. Qd8+ Kh7 75. Qf8 Qf4+ 76. Kg2 d2 0-1

[Event "24th ch-EUR Indiv 2024"]
[Site "Petrovac MNE"]
[Date "2024.11.09"]
[Round "2.101"]
[White "Lundin, Jan"]
[Black "Blohberger, Felix"]
[Result "0-1"]
[WhiteTitle "FM"]
[BlackTitle "GM"]
[WhiteElo "2175"]
[BlackElo "2536"]
[WhiteFideId "1706896"]
[BlackFideId "1632051"]
[EventDate "2024.11.08"]

1. e4 c5 2. c3 Nf6 3. e5 Nd5 4. d4 cxd4 5. Nf3 Nc6 6. cxd4 d6 7. Nc3 dxe5 8.
dxe5 Nxc3 9. Qxd8+ Kxd8 10. bxc3 Bg4 11. Rb1 Bxf3 12. gxf3 Kc7 13. e6 fxe6 14.
Bc4 g6 15. Bf4+ e5 16. Bd2 Rd8 17. Ke2 Bg7 18. h4 Rd6 19. h5 Na5 20. Bf7 Rf8 21.
hxg6 hxg6 22. Bb3 Nxb3 23. axb3 Rfd8 24. Be3 e4 25. Rh7 exf3+ 26. Kxf3 Rf6+ 27.
Kg4 Bf8 28. Re1 Rd5 29. Bg5 Rxf2 30. Bxe7 Rd7 31. Kg5 Rg2+ 32. Kf6 a5 33. c4 Rg3
34. Rf7 Bxe7+ 35. Rexe7 Rxe7 36. Rxe7+ Kb6 37. Re6+ Ka7 38. Re5 Ka6 39. Rb5 Rg4
40. Rd5 a4 41. Rd6+ Ka7 42. Rd5 axb3 43. Rb5 Rxc4 44. Kxg6 Rc3 45. Kf5 Ka6 46.
Rb4 b5 0-1

[Event "24th ch-EUR Indiv 2024"]
[Site "Petrovac MNE"]
[Date "2024.11.09"]
[Round "2.102"]
[White "Sebenik, Matej"]
[Black "Safar, Sandro"]
[Result "1-0"]
[WhiteTitle "GM"]
[BlackTitle "CM"]
[WhiteElo "2524"]
[BlackElo "2242"]
[WhiteFideId "14602296"]
[BlackFideId "14536900"]
[EventDate "2024.11.08"]

1. d4 f5 2. g3 Nf6 3. Bg2 d6 4. Nf3 e6 5. c4 Be7 6. O-O O-O 7. Nc3 Ne4 8. Nxe4
fxe4 9. Ne1 d5 10. Be3 Nc6 11. Rc1 Rb8 12. f3 exf3 13. Nxf3 Bf6 14. Qd2 Bd7 15.
h4 Qe7 16. Ng5 Kh8 17. Kh2 h6 18. Nh3 e5 19. cxd5 exd4 20. Nf4 Bf5 21. dxc6 dxe3
22. Qd5 Bh7 23. cxb7 Bxb2 24. Qe6 Rfe8 25. Qxe7 Rxe7 26. Nd5 Re5 27. Rxc7 Bg8
28. Ne7 Rb5 29. Rf8 Rxf8 30. Ng6+ Kh7 31. Nxf8+ Kh8 32. Nd7 Be5 33. Nxe5 1-0

[Event "24th ch-EUR Indiv 2024"]
[Site "Petrovac MNE"]
[Date "2024.11.09"]
[Round "2.103"]
[White "Boyer, Mahel"]
[Black "Stanojevic, Ilija"]
[Result "1-0"]
[WhiteTitle "IM"]
[BlackTitle "FM"]
[WhiteElo "2506"]
[BlackElo "2197"]
[WhiteFideId "45102422"]
[BlackFideId "959995"]
[EventDate "2024.11.08"]

1. Nf3 d5 2. g3 g6 3. Bg2 Bg7 4. O-O e5 5. d3 Nc6 6. Nc3 d4 7. Ne4 h6 8. c3 Nge7
9. cxd4 exd4 10. Qa4 O-O 11. b4 Nd5 12. b5 Nce7 13. Bb2 Nc3 14. Bxc3 dxc3 15. d4
Nd5 16. e3 Bf5 17. Nh4 Bxe4 18. Bxe4 Re8 19. Bg2 Bf6 20. Nf3 a6 21. Ne1 axb5 22.
Qxb5 c6 23. Qb3 b5 24. Nd3 Ra4 25. Bxd5 Qxd5 26. Qxc3 Rc4 27. Qb3 b4 28. Rac1
Rxc1 29. Rxc1 Qf3 30. Nxb4 Rb8 31. Qc4 Kg7 32. Qxc6 Qf5 33. a3 h5 34. h4 Qg4 35.
Kh2 Qe2 36. Kg2 Qb2 37. Qc3 Qe2 38. Qc7 Ra8 39. Nd5 Bd8 40. Qe5+ Kh7 41. Nf6+ 1-0

[Event "24th ch-EUR Indiv 2024"]
[Site "Petrovac MNE"]
[Date "2024.11.09"]
[Round "2.104"]
[White "Djokic, Mihailo"]
[Black "Kramer, Julian"]
[Result "1/2-1/2"]
[WhiteTitle "FM"]
[BlackTitle "IM"]
[WhiteElo "2204"]
[BlackElo "2503"]
[WhiteFideId "976440"]
[BlackFideId "12921742"]
[EventDate "2024.11.08"]

1. e4 c5 2. Nf3 d6 3. d4 cxd4 4. Nxd4 Nf6 5. Nc3 Nc6 6. Bg5 e6 7. Qd2 a6 8.
O-O-O Bd7 9. f4 h6 10. Bh4 Be7 11. Nf3 g5 12. fxg5 Ng4 13. Kb1 Nge5 14. Be2 hxg5
15. Bg3 Nxf3 16. Bxf3 Ne5 17. Qd4 Qa5 18. Rhf1 Rc8 19. Be2 Qc5 20. h3 Qxd4 21.
Rxd4 Bc6 22. Rfd1 g4 23. hxg4 Rg8 24. Re1 Nxg4 25. Bxd6 Bxd6 26. Rxd6 Ne5 27.
Bf1 Rg4 28. Rd2 f6 29. Rf2 Ke7 30. a3 Rg3 31. Be2 Rh8 32. Ref1 Rh6 33. Bf3 Rg5
34. b3 Rh2 35. Kb2 Be8 36. a4 a5 37. Kc1 Ng4 38. Re2 Ne5 39. Kd2 Rg3 40. Nd1 Bh5
41. Bxh5 Rxh5 42. Rf4 Ng6 43. Rf3 Rg4 44. Ref2 Ne5 45. Rxf6 Rh2 46. Ne3 Rxe4 47.
R6f4 Rh4 48. g3 Rexf4 49. gxf4 Ng4 50. Nxg4 Rxg4 51. Ke3 Rg3+ 52. Ke4 b6 53. Kd4
Rh3 54. Rg2 Rf3 55. Ke4 Rc3 56. Rd2 Rc5 57. c4 Rh5 58. Rd3 Rh1 59. Rg3 Rb1 60.
Rd3 Rh1 61. Kd4 Kd6 62. Kc3+ Kc6 63. Re3 Kd6 64. Rf3 Kc6 65. f5 exf5 66. Rxf5
Rh3+ 67. Kb2 Rh2+ 68. Ka3 Rh3 69. Rb5 Rg3 70. Kb2 Rg2+ 71. Ka3 Rg3 72. Rh5 Rf3
73. Rh6+ Kc5 74. Rh8 Rg3 75. Rc8+ Kd6 76. Rd8+ Kc6 77. Kb2 Rh3 78. Kc2 Rh2+ 79.
Kc3 Rh3+ 80. Rd3 Rh5 81. b4 axb4+ 82. Kxb4 Rh1 1/2-1/2